Marketing Channels/ (Record no. 192505)

MARC details
000 -LEADER
fixed length control field 00752nam a22002537a 4500
005 - DATE AND TIME OF LATEST TRANSACTION
control field 20220926114103.0
010 ## - LCCN (DPL NO)
LC control number B-745686
020 ## - INTERNATIONAL STANDARD BOOK NUMBER
International Standard Book Number 9788131717431
Terms of availability 300.00
037 ## - SOURCE OF ACQUISITION
Source of stock number/acquisition Pearson
082 ## - DEWEY DECIMAL CLASSIFICATION NUMBER
Classification number 658.87
100 ## - MAIN ENTRY--PERSONAL NAME
Personal name Coughlan, T. Anne
245 ## - TITLE STATEMENT
Title Marketing Channels/
Statement of responsibility, etc Anne T. Coughlan...[et al.]
250 ## - EDITION STATEMENT
Edition statement 7th
260 ## - PUBLICATION, DISTRIBUTION, ETC. (IMPRINT)
Place of publication, distribution, etc New Delhi
Name of publisher, distributor, etc Pearson
Date of publication, distribution, etc 2011
270 ## - ADDRESS
Address 11 Community Center, Panchsheel Park,
City New Delhi
Postal code 110017
300 ## - PHYSICAL DESCRIPTION
Extent xx,803p.
Other physical details ill.
Dimensions 24cm(Pb)
500 ## - GENERAL NOTE
General note index
700 ## - ADDED ENTRY--PERSONAL NAME
Personal name Anderson, Erin
700 ## - ADDED ENTRY--PERSONAL NAME
Personal name Stern W. Louis
700 ## - ADDED ENTRY--PERSONAL NAME
Personal name El-Ansary, I. Adel
700 ## - ADDED ENTRY--PERSONAL NAME
Personal name Natarajan, R. C.
942 ## - ADDED ENTRY ELEMENTS (KOHA)
Source of classification or shelving scheme Dewey Decimal Classification
Item type English Books
Classification part 658.87
Call number suffix COU
Holdings
Withdrawn status Lost status Not for loan Collection code Home library Current library Date acquired Source of acquisition Cost, normal purchase price Full call number Barcode Copy number Cost, replacement price Koha item type Public note
      Non-fiction Central Library Central Library 26/09/2022 22.9.22/Gift 300.00 658.87 COU B-745686 1 300.00 English Books Gift

© Delhi Public Library
Hit Counter
free hit counter